Come as you are : (Record no. 100096)

MARC details
000 -LEADER
fixed length control field 00626nam a22001937a 4500
005 - DATE AND TIME OF LATEST TRANSACTION
control field 20160527114840.0
010 ## - LCCN (DPL NO)
LC control number ENG-115168
020 ## - INTERNATIONAL STANDARD BOOK NUMBER
International Standard Book Number 9789385288738
Terms of availability 450.00
035 ## - SYSTEM CONTROL NUMBER
System control number EN-98700
037 ## - SOURCE OF ACQUISITION
Source of stock number/acquisition DBAD/PUB
082 ## - DEWEY DECIMAL CLASSIFICATION NUMBER
Classification number 613.954
100 ## - MAIN ENTRY--PERSONAL NAME
Personal name Nagoski, Emily
245 ## - TITLE STATEMENT
Title Come as you are :
Statement of responsibility, etc by Emily Nagoski
Remainder of title the surprising new science that will transform your sex life /
260 ## - PUBLICATION, DISTRIBUTION, ETC. (IMPRINT)
Place of publication, distribution, etc New Delhi
Name of publisher, distributor, etc Speaking Tiger
Date of publication, distribution, etc 2015
270 ## - ADDRESS
Address 4381/4, Ansari Road, Daryaganj,
City New Delhi
Postal code 110002
300 ## - PHYSICAL DESCRIPTION
Extent 389p.
Dimensions 20cm(pbk)
500 ## - GENERAL NOTE
General note Includes references and index
942 ## - ADDED ENTRY ELEMENTS (KOHA)
Source of classification or shelving scheme Dewey Decimal Classification
Item type English Books
Call number suffix NAG
Classification part 613.954
Holdings
Withdrawn status Lost status Not for loan Collection code Home library Current library Date acquired Source of acquisition Cost, normal purchase price Full call number Barcode Copy number Cost, replacement price Koha item type
    Not For Loan Non-fiction D.B.Act.Division Bawana 27/05/2016 DBAD/PUB 450.00 613.954 NAG EN-98700 1 450.00 English Books

© Delhi Public Library
Hit Counter
free hit counter